000 00492nam a2200181Ia 4500
001 720
005 20260306140538.0
008 260306t2015||||xx |||||||||||||| ||spa||
041 _aESP
082 _a144.3
_bQ62
100 _aQuintanilla, Pablo
_eAUT
245 0 _aEl pensamiento pragmatista en la actualidad:
_bconocimiento, lenguaje, religión, estética y política
260 _c2015
300 _a398 páginas :
_c24 cm.
650 _aGEN
654 _aCHU
942 _cLIB
_dJUS
_fJUS
_2ddc
_n
999 _c720
_d720